| 000 | 01509nam a2200277Ia 4500 | ||
|---|---|---|---|
| 008 | 0000002001 pr ad 0000000000mul00 | ||
| 020 | _a970203225 | ||
| 090 | _aPPR00 M97m | ||
| 245 | 1 | 0 |
_aMyrna Báez _b: una artista ante su espejo = an artist and her mirrors _c/ fotografía John Betancourt ; traducción Luis Muñoz, Liliana Ramos Collado ...[et al.] |
| 300 |
_a289 p. _c/ 31 cm. |
||
| 500 | _aTexto bilingue : español inglés \ Registro auspiciado por la FGAA. Bogotá \ MPV: (2009825) | ||
| 501 | _aMyrna Báez: insigne artista puertorriqueña y latinoamericana = Myrna Báez: puerto rican artist, latin american master Myrna Báez: una artista ante su espejo = Myrna Báez: an artist looks into her mirror Myrna Báez: una vida documentada (biografía y repertorio histórico y cultural de Puerto Rico) = Myrna Báez: A documental life | ||
| 600 | 0 | 0 |
_aBAEZ GONZALEZ, MYRNA, 1931/ _xTRABAJOS PICTORICOS |
| 650 | 1 | 4 | _aARTE CONTEMPORANEO PUERTORRIQUEÑO |
| 650 | 1 | 4 | _aARTISTAS PLASTICOS PUERTORRIQUEÑOS |
| 650 | 1 | 4 | _xCATALOGOS |
| 650 | 1 | 4 | _aDIBUJO A LAPIZ |
| 650 | 1 | 4 | _aGOUACHE (PINTURA) |
| 650 | 1 | 4 | _aGRABADOS PUERTORRIQUEÑOS |
| 650 | 1 | 4 | _aMUJERES ARTISTAS PUERTORRIQUEÑAS |
| 650 | 1 | 4 | _aPINTORES PUERTORRIQUEÑOS |
| 650 | 1 | 4 | _aPINTURA AL OLEO |
| 650 | 1 | 4 | _aPINTURA PUERTORRIQUEÑA |
| 700 | 1 | _aBetancourt, John \ Muñoz, Luis, tr \ Ramos Collado, Liliana, tr \ | |
| 999 |
_c10987 _d10987 |
||
| 260 |
_aSan Juan (Puerto Rico) : Galería de Arte Universidad del Sagrado Corazón _c2001 |
||